Mastering Harvard Graphics 3

Bibliographic Details
Main Author: LARSEN
Other Authors: Larsen
Format: Book
Published: Singapore : TEch Pub. , 1991
Subjects:

MARC

LEADER 00000cam a2200000 7i4500
001 0000002779
005 20040108.0
020 0 0 |a 981300584X 
090 0 0 |a 006.69   |b LAR 1991 
100 1 0 |a LARSEN   |h Glenn H. 
245 1 0 |a Mastering Harvard Graphics 3   |c Glenn H. Larsen with Kristopher A. Larsen 
260 0 0 |a Singapore :   |b TEch Pub. ,   |c 1991 
300 |a xxvi, 538 p. :   |b ill. ;   |c 23 cm. 
500 0 0 |a Includes index 
650 0 0 |a Computer graphics 
650 0 0 |a Harvard graphics (Computer programme) 
700 0 1 |a Larsen   |h Kristopher A. 
998 |a JPSM 
999 |a 0000004452   |b Monograph   |c Open Shelf   |e Default branch